<A> Brief insight into gender inequalities in the Czech labour market
Na minha lista:
| Autor principal: | |
|---|---|
| Formato: | Capítulo de Livro |
| Idioma: | inglês |
| Assuntos: | |
| Tags: |
Sem tags, seja o primeiro a adicionar uma tag!
|
MARC
| LEADER | 00000naa a2200000 4500 | ||
|---|---|---|---|
| 001 | 0200723 | ||
| 005 | 20220715114422.1 | ||
| 041 | 0 | |a eng | |
| 044 | |a CZ | ||
| 245 | 1 | 0 | |a <A> Brief insight into gender inequalities in the Czech labour market |c Olga Kurtinová |
| 610 | 2 | 0 | |a demografia |
| 610 | 2 | 0 | |a nerovnosť rodová |
| 610 | 2 | 0 | |a ženy |
| 610 | 2 | 0 | |a muži |
| 610 | 2 | 0 | |a vek |
| 610 | 2 | 0 | |a trh práce |
| 610 | 2 | 0 | |a zamestnanosť |
| 610 | 2 | 0 | |a nezamestnanosť |
| 610 | 2 | 0 | |a Česko |
| 100 | 1 | |a Kurtinová, Olga | |